French Vocabulary 2 - The Jobs - Statistics

General Stats
  • This quiz has been taken 12 times
  • The average score is 7 of 12
Answer Stats
Picture Answer % Correct
Le Professeur / La Professeure
90%
Le Boucher / La Bouchère
60%
Le Chanteur / La Chanteuse
60%
Le Médecin / La Médecin
60%
Le Policier / La Policière
60%
Le Pompier / La Pompière
60%
Le Serveur / La Serveuse
60%
Le Coiffeur / La Coiffeuse
50%
Le Cuisinier / La Cuisinière
50%
Le Jardinier / La Jardinière
50%
Le Caissier / La Caissière
30%
L'ingènieur / L'ingènieure
30%
No matching quizzes found
Score Distribution
Percent of People with Each Score
Percentile by Number Answered
Your Score History
You have not taken this quiz